000 00963nam a2200217Ii 4500
003 JO-AjNU
008 230605s9999||||xx |||||||||||||| ||und||
017 _a1990/12/798
040 _aJO-AjNU
_bara
_erda
_cJO-AjNU
041 _aara
050 1 4 _aLA1490.T34 1991
100 3 _aتحرير ابراهيم ، سعد الدين ,
_eauthor
_957039
245 0 0 _a تعليم الأمة العربية في القرن الحادي و العشرين التقرير التلخيص لمشروع مستقبل التعليم في الوطن العربي ، الكارثة او الأمل
250 _aط1
264 3 1 _aعمان : المنتدى الفكر العربي ،1991
300 _a160ص
_bيحتوي على ملاحق وجداول
336 _atext
_btxt
_2rdacontent
337 _aunmediated
_bn
_2rdamedia
338 _avolume
_bnc
_2rdacarrier
650 4 _aالتعليم -البلاد العربية -تقارير-التخطيط التربوي
_957040
999 _aA25537
_c29105
_d29105